| 000 | 01125pam a2200277 a 4500 | ||
|---|---|---|---|
| 999 |
_c342323 _d342323 |
||
| 001 | 2486623 | ||
| 003 | NUST | ||
| 005 | 20171218121511.0 | ||
| 008 | 910410s1991 miuab b 001 0 eng | ||
| 010 | _a 91016911 | ||
| 020 | _a0873714563 | ||
| 040 |
_aDLC _cDLC _dDLC |
||
| 050 | 0 | 0 |
_aTN758 _b.B74 1991 |
| 082 | 0 | 0 |
_a669.042 BRO _220 |
| 100 | 1 |
_aBrooks, Clyde S. _97433 |
|
| 245 | 1 | 0 |
_aMetal recovery from industrial waste / _cClyde S. Brooks ; contribution by Philip L. Brooks, George Hansen, Laurel A. McCarthy. |
| 260 |
_aChelsea, Mich. : _bLewis Publishers, _cc1991. |
||
| 300 |
_axviii, 267 p. : _bill., map ; _c25 cm. |
||
| 500 | _aH.B | ||
| 504 | _aIncludes bibliographical references and index. | ||
| 650 | 0 |
_aNonferrous metals _xMetallurgy. _97434 |
|
| 650 | 0 |
_aMetal wastes _xRecycling. _97435 |
|
| 906 |
_a7 _bcbc _corignew _d1 _eocip _f19 _gy-gencatlg |
||
| 942 |
_2ddc _cBK _kIESE |
||